[Event "Politiken"]
[Site "Copenhagen DEN"]
[Date "1996.06.22"]
[Round "1"]
[White "Bank, P"]
[Black "Glek, I"]
[Result "0-1"]
[WhiteElo "2230"]
[BlackElo "2635"]

1. e4 e6 2. d4 d5 3. Nd2 c5 4. Ngf3 cxd4 5. exd5 Qxd5 6. Bc4 Qd6 7. O-O Nf6
8. Nb3 Nc6 9. Nbxd4 Nxd4 10. Nxd4 a6 11. c3 Qc7 12. Qe2 Bd6 13. h3 O-O 14.
Bd3 Bh2+ 15. Kh1 Bf4 16. Re1 Rd8 17. Bxf4 Qxf4 18. Rad1 Bd7 19. Nf3 Ba4 20.
b3 Be8 21. c4 Kf8 22. Qe5 Qxe5 23. Nxe5 Rd4 24. Bc2 Rad8 25. Kg1 Ke7 26.
Rxd4 Rxd4 27. Kf1 b5 28. Bd3 Kd6 29. Re3 bxc4 30. bxc4 Kc5 31. Ke2 Rd8 32.
Kd2 Kb4 33. Kc2 a5 34. Rg3 Nh5 35. Rg5 Nf4 36. Rxg7 Ba4+ 37. Kd2 f6 38.
Rb7+ Ka3 39. Kc3 0-1

[Event "Politiken"]
[Site "Copenhagen DEN"]
[Date "1996.06.22"]
[Round "1"]
[White "Andersson, C"]
[Black "Koch, W"]
[Result "0-1"]
[WhiteElo "2040"]
[BlackElo "2325"]

1. e4 d6 2. d4 Nf6 3. Nc3 g6 4. Bc4 Bg7 5. Bg5 c6 6. Nf3 b5 7. Bb3 b4 8.
Bxf6 exf6 9. Ne2 O-O 10. O-O Re8 11. Ng3 Bb7 12. Re1 Nd7 13. Qd2 a5 14. a3
Qb6 15. Qf4 Qc7 16. axb4 axb4 17. Rxa8 Bxa8 18. Ng5 Rf8 19. Nxf7 Rxf7 20.
Bxf7+ Kxf7 21. h4 h5 22. Qd2 c5 23. Rd1 Nf8 24. dxc5 dxc5 25. Qd8 Qxd8 26.
Rxd8 Bb7 27. Rb8 Ba6 28. Ra8 Bc4 29. Ra7+ Kg8 30. b3 Bf7 31. Nf1 Ne6 32.
Ne3 Nd4 33. Ra8+ Bf8 34. Kf1 f5 35. exf5 Nxf5 36. Nxf5 gxf5 37. f3 f4 38.
Ke2 Bg6 39. Kd2 Kf7 40. Rc8 Bd6 41. c3 bxc3+ 42. Kxc3 Ke7 43. Ra8 Ke6 44.
Kc4 Bf7 45. Rh8 Ke7+ 46. Kb5 Bxb3 47. Rxh5 c4 48. Rh7+ Ke6 49. Rh6+ Kd5 50.
Rh5+ Kd4 51. Rh6 Be5 52. Kb4 Bd1 53. h5 c3 54. Rc6 c2 55. Ka3 Kd3 56. h6
Bc3 57. Rd6+ Ke2 0-1

[Event "Politiken"]
[Site "Copenhagen DEN"]
[Date "1996.06.22"]
[Round "1"]
[White "Hyldkrog, L"]
[Black "Ksieski, Z"]
[Result "0-1"]
[WhiteElo "2075"]
[BlackElo "2400"]

1. e4 c5 2. Nf3 e6 3. d4 cxd4 4. Nxd4 Nc6 5. Nc3 d6 6. g3 Nf6 7. Bg2 Bd7 8.
Be3 Be7 9. O-O O-O 10. Ndb5 Qb8 11. a4 Ne5 12. Qe2 Rc8 13. Bf4 a6 14. Na3
Qc7 15. Rfd1 Rd8 16. Bxe5 dxe5 17. Nc4 Rac8 18. Ne3 Bc5 19. Rd2 Bc6 20.
Rad1 Rd4 21. Ng4 Nxg4 22. Qxg4 Qd7 23. Rxd4 exd4 24. b3 e5 25. Qh5 Re8 26.
Nd5 Bxd5 27. exd5 e4 28. Re1 f5 29. g4 g6 30. Qg5 Qxd5 31. Bh3 e3 32. Bg2
exf2+ 33. Kxf2 d3+ 34. Kf1 Rxe1+ 35. Kxe1 Qe5+ 0-1

[Event "Politiken"]
[Site "Copenhagen DEN"]
[Date "1996.06.22"]
[Round "1"]
[White "Pedersen, NV"]
[Black "Christensen, Ja"]
[Result "1/2-1/2"]
[WhiteElo "2290"]
[BlackElo "2235"]

1. e4 e5 2. Nf3 Nf6 3. Nc3 Bb4 4. Nd5 Ba5 5. c3 d6 6. Bc4 Nc6 7. d3 h6 8.
b4 Bb6 9. a4 a6 10. Qb3 Nxd5 11. Bxd5 O-O 12. a5 Ba7 13. Be3 Ne7 14. Bc4 c6
15. Qc2 Bxe3 16. fxe3 d5 17. Bb3 Qc7 18. O-O Be6 19. d4 exd4 20. exd5 Nxd5
21. Bxd5 Bxd5 22. exd4 Bxf3 23. Rxf3 Rae8 24. Rff1 Re3 25. Rae1 Qe7 26. Qf2
Re8 27. Rxe3 1/2-1/2

[Event "Politiken"]
[Site "Copenhagen DEN"]
[Date "1996.06.22"]
[Round "1"]
[White "Nilssen, J"]
[Black "Larsen, Pet"]
[Result "1-0"]
[WhiteElo "2275"]
[BlackElo "2085"]

1. d4 Nf6 2. Nf3 b6 3. g3 Bb7 4. Bg2 e6 5. O-O c5 6. c4 cxd4 7. Qxd4 Nc6 8.
Qf4 d5 9. cxd5 Nxd5 10. Qa4 Qc7 11. e4 Ndb4 12. Bf4 Bd6 13. Bxd6 Qxd6 14.
e5 Qc5 15. a3 Nd5 16. Nbd2 Qa5 17. Qe4 O-O 18. Nc4 Qa4 19. Ng5 g6 20. Qh4
h5 21. b3 Qxb3 22. Nd6 Ba6 23. Rfb1 Qc3 24. Ngxf7 Nxe5 25. Nxe5 Qxe5 26.
Ne4 Rac8 27. Re1 Rc2 28. Bh3 Bc8 29. Rad1 Ra2 30. Rc1 Qd4 31. Rxc8 Raxf2
32. Rxf8+ Rxf8+ 33. Kh1 Qe5 34. Qg5 Qxg5 35. Bxe6+ Kg7 36. Nxg5 Nc3 37. h4
Rf2 38. Rc1 Ne2 39. Rc7+ Kf8 40. Rf7+ Rxf7 41. Bxf7 Nxg3+ 42. Kh2 Nf5 43.
Kh3 Kg7 44. Bc4 Nd4 45. Bd3 b5 46. Kg3 a5 47. Nf3 Nf5+ 48. Bxf5 gxf5 49.
Nd4 b4 50. a4 Kg6 51. Nb3 Kf6 52. Nxa5 1-0

[Event "Politiken"]
[Site "Copenhagen DEN"]
[Date "1996.06.22"]
[Round "1"]
[White "Kania, A"]
[Black "Hansen, Mo"]
[Result "1/2-1/2"]
[WhiteElo "2275"]
[BlackElo "2085"]

1. d4 d5 2. c4 e6 3. Nf3 Nf6 4. g3 Be7 5. Bg2 O-O 6. O-O c6 7. Qc2 b6 8.
Nbd2 Bb7 9. Rd1 Nbd7 10. e4 dxc4 11. Nxc4 b5 12. Nce5 Rc8 13. Be3 Qc7 14.
Rac1 Qb8 15. Nxd7 Nxd7 16. Qe2 a6 17. Bf4 Qa8 18. Ne5 Nxe5 19. Bxe5 Rfd8
20. a3 Bf8 21. Bf4 c5 22. dxc5 Rxc5 23. Rxc5 1/2-1/2

[Event "Politiken"]
[Site "Copenhagen DEN"]
[Date "1996.06.22"]
[Round "1"]
[White "Sher, M"]
[Black "Gabrielsen, S"]
[Result "1-0"]
[WhiteElo "2500"]
[BlackElo "2175"]

1. c4 g6 2. e4 Bg7 3. d4 d6 4. Nc3 Nf6 5. Nf3 O-O 6. Be2 e5 7. O-O Nc6 8.
d5 Ne7 9. Nd2 a5 10. b3 Nd7 11. Ba3 f5 12. b4 axb4 13. Bxb4 b6 14. a4 Nf6
15. exf5 Nxf5 16. a5 bxa5 17. Rxa5 Rb8 18. Nb5 Bd7 19. Bc3 c6 20. dxc6 Bxc6
21. Ra6 Qc8 22. Ra3 Nh4 23. Na7 Qb7 24. Nxc6 Qxc6 25. Nf3 Nxf3+ 26. Bxf3 e4
27. Be2 Rf7 28. Bd4 Nd7 29. Bxg7 Rxg7 30. Ra2 Ne5 31. Qd4 Rf7 32. h3 Rbf8
33. Ra5 Rf4 34. Qd5+ Qxd5 35. Rxd5 Nf7 36. Bg4 Re8 37. Re1 h5 38. Bd7 Re7
39. Bb5 Rf5 40. Rd4 Rfe5 41. Re3 Kg7 42. Bc6 Ra7 43. Rexe4 Ra1+ 44. Kh2 Kf6
45. f4 Rxe4 46. Rxe4 Kf5 47. Re8 Nh6 48. Rh8 Kf6 49. Rd8 Nf5 50. Be4 h4 51.
Bxf5 Kxf5 52. Rxd6 Rc1 53. Rd4 Rc3 54. Rd5+ Kxf4 55. Rd4+ Kg5 56. Rg4+ Kh5
57. Kg1 g5 58. Kf2 Rd3 59. Ke2 Rd8 60. Ke3 Kg6 61. c5 Kf5 62. Rd4 Rc8 63.
Rd5+ 1-0

[Event "Politiken"]
[Site "Copenhagen DEN"]
[Date "1996.06.22"]
[Round "1"]
[White "Kogan, A"]
[Black "Thorfinnsson, B"]
[Result "0-1"]
[WhiteElo "2485"]
[BlackElo "2155"]

1. e4 c5 2. Nf3 d6 3. d4 cxd4 4. Nxd4 Nf6 5. Nc3 Nc6 6. Be3 Ng4 7. Bb5 Nxe3
8. fxe3 Bd7 9. O-O e6 10. Bxc6 bxc6 11. Qh5 Qe7 12. e5 d5 13. Qe2 a6 14.
Rf2 g6 15. Raf1 Bg7 16. Rxf7 Qxf7 17. Rxf7 Kxf7 18. Qf2+ Ke8 19. Na4 Bxe5
20. Nb6 Ra7 21. c4 Rf8 22. Qd2 Bd6 23. b4 Bc7 24. c5 e5 25. Nb3 Rb7 26. Qc3
Rf6 27. Na5 Rb8 28. e4 Rxb6 29. h3 Rb8 30. a3 Kf7 31. Qd3 Bxa5 32. bxa5 Rb5
33. exd5 Rxc5 34. Qxa6 cxd5 35. Qb7 Ke7 36. a6 Rb5 37. Qc7 Rxa6 38. Qxe5+
Re6 39. Qg7+ Kd6 40. Qxh7 d4 41. a4 Rd5 42. Qh4 d3 43. Qf4+ Kc5 44. Qc1+
Kd6 45. Qd2 Rd4 46. a5 Re2 47. Qc3 Kd5 48. Qc7 Bc6 49. Qf7+ Kc5 50. Qa7+
Kc4 51. Qa6+ Kd5 52. Kh2 Kd6 53. Qa7 Rxg2+ 54. Kh1 Rb4 0-1

[Event "Politiken"]
[Site "Copenhagen DEN"]
[Date "1996.06.22"]
[Round "1"]
[White "Nielsen, PH"]
[Black "Guglielmi, R"]
[Result "1-0"]
[WhiteElo "2495"]
[BlackElo "2200"]

1. d4 Nf6 2. c4 c5 3. d5 b5 4. Nf3 g6 5. Qc2 bxc4 6. e4 d6 7. Bxc4 Bg7 8.
O-O O-O 9. Re1 Na6 10. Nc3 Rb8 11. Bf4 Qa5 12. e5 Ne8 13. h3 Nb4 14. Qd2
Ba6 15. a3 Bxc4 16. axb4 Qc7 17. bxc5 Qxc5 18. Be3 Qc7 19. Rxa7 Rb7 20.
Rxb7 Qxb7 21. Bh6 Bb3 22. Re4 f6 23. e6 g5 24. Bxg7 Nxg7 25. h4 h6 26. Rg4
h5 27. Re4 g4 28. Nh2 f5 29. Rd4 Ra8 30. Qd3 Ra1+ 31. Nf1 Qb6 32. Rf4 Qa5
33. Kh2 Rc1 34. Ng3 Bc2 35. Qe3 Qa1 36. Rb4 Re1 37. Qh6 Qa8 38. Nxh5 Nxh5
39. Qxh5 Qf8 40. Qg6+ Kh8 41. Qh5+ Kg7 42. Qg5+ Kh8 43. Rb7 Qf6 44. Rb8+
1-0

[Event "Politiken"]
[Site "Copenhagen DEN"]
[Date "1996.06.22"]
[Round "1"]
[White "Borge, N"]
[Black "Jensen, H"]
[Result "1-0"]
[WhiteElo "2455"]
[BlackElo "2150"]

1. e4 e5 2. Nf3 Nc6 3. Bb5 a6 4. Ba4 d6 5. Bxc6+ bxc6 6. d4 exd4 7. Qxd4
Qf6 8. Nc3 Qxd4 9. Nxd4 Bd7 10. Be3 g6 11. O-O-O Bg7 12. Rhe1 Ne7 13. f4
O-O-O 14. Bf2 c5 15. Nde2 Nc6 16. Nd5 Rde8 17. Ng1 Nb4 18. Nxb4 cxb4 19.
Bd4 f6 20. Nf3 Bc6 21. Nd2 Re7 22. Re3 Rhe8 23. Rde1 Bb7 24. R3e2 Kd7 25.
g4 c5 26. Bf2 Bh6 27. Bg3 d5 28. Nb3 c4 29. Nc5+ Kc8 30. e5 fxe5 31. g5 Bf8
32. fxe5 Rc7 33. Nxb7 Rxb7 34. Rd1 Rb5 35. e6 Be7 36. h4 Rf8 37. Rf2 Rxf2
38. Bxf2 Kc7 39. Re1 Kc6 40. Bd4 Rb8 41. Rf1 Rf8 42. Re1 Rf5 43. Be5 Rf2
44. Bf6 Kd6 45. Bd4 Rf5 46. a3 bxa3 47. bxa3 Rf3 48. Kb2 Kc7 49. a4 Kd8 50.
Re5 Rf5 51. Kc3 Kc7 52. Rxf5 gxf5 53. Be5+ Kc6 54. Kd2 Kc5 55. c3 Kc6 56.
Ke3 Bd6 57. Kf4 d4 58. e7 Bxe5+ 59. Kxe5 Kd7 60. Kxd4 Kxe7 61. Ke5 1-0

[Event "Politiken"]
[Site "Copenhagen DEN"]
[Date "1996.06.22"]
[Round "1"]
[White "Wallace, JP"]
[Black "Stuart, E"]
[Result "1-0"]
[WhiteElo "2370"]
[BlackElo "2050"]

1. d4 d5 2. c4 e6 3. Nc3 Nf6 4. cxd5 exd5 5. Bg5 Bb4 6. Qa4+ Nc6 7. e3 h6
8. Bxf6 Qxf6 9. Nge2 O-O 10. Ng3 Bf5 11. Rc1 a6 12. Be2 Bg6 13. O-O Bxc3
14. Rxc3 Qd6 15. Rfc1 Qd7 16. Bf3 Rfd8 17. Rc5 Ne5 18. Qxd7 Nxf3+ 19. gxf3
Rxd7 20. Rxc7 Rad8 21. f4 Bd3 22. h4 Kf8 23. Kg2 Ke7 24. Kf3 Kd6 25. R7c3
Bh7 26. f5 f6 27. Kf4 Re7 28. f3 Rde8 29. h5 Bg8 30. a3 Bf7 31. e4 Rd8 32.
Rb3 Be8 33. Re3 Bc6 34. e5+ fxe5+ 35. dxe5+ Kc7 36. Rd3 Kb6 37. Rd4 Rf8 38.
b4 a5 39. Re1 axb4 40. axb4 Ra8 41. e6 Ra4 42. Ne2 Ra3 43. Rc1 Rb3 44. Nc3
Re8 45. Ke5 Ra8 46. f4 Raa3 47. Nxd5+ Bxd5 48. Kxd5 Rd3 49. e7 Re3 50. Re4
Rxe4 51. Kxe4 Ra2 52. Rc3 Ra8 53. Ke5 1-0

[Event "Politiken"]
[Site "Copenhagen DEN"]
[Date "1996.06.22"]
[Round "1"]
[White "Olsen, P"]
[Black "Rozentalis, E"]
[Result "0-1"]
[WhiteElo "2225"]
[BlackElo "2605"]

1. d4 e6 2. c4 Nf6 3. Nc3 Bb4 4. Qc2 O-O 5. a3 Bxc3+ 6. Qxc3 b6 7. Bg5 Ba6
8. e3 d6 9. Bd3 Nbd7 10. Ne2 c5 11. Rc1 Rc8 12. Qd2 h6 13. Bh4 cxd4 14.
exd4 e5 15. b3 e4 16. Bb1 d5 17. cxd5 Rxc1+ 18. Qxc1 Qe7 19. Qe3 Qxa3 20.
O-O Re8 21. Re1 Nxd5 22. Qh3 Qb4 23. Rd1 Re6 0-1

[Event "Politiken"]
[Site "Copenhagen DEN"]
[Date "1996.06.22"]
[Round "1"]
[White "Molvig, H"]
[Black "Emms, J"]
[Result "1/2-1/2"]
[WhiteElo "2180"]
[BlackElo "2500"]

1. d4 Nf6 2. c4 e6 3. Nf3 c5 4. d5 d6 5. Nc3 exd5 6. cxd5 g6 7. e4 a6 8. a4
Bg4 9. Qb3 Bxf3 10. gxf3 Qe7 11. Bf4 Nh5 12. Bxd6 Qxd6 13. Qxb7 Bh6 14.
Bb5+ Kf8 15. Be2 Kg7 16. Qxa8 Qb6 17. Rb1 Nf4 18. a5 Qc7 19. Rd1 Rd8 20.
Bc4 1/2-1/2

[Event "Politiken"]
[Site "Copenhagen DEN"]
[Date "1996.06.22"]
[Round "1"]
[White "Bekker Jensen, D"]
[Black "Hjartarson, J"]
[Result "0-1"]
[WhiteElo "2220"]
[BlackElo "2570"]

1. d4 Nf6 2. c4 e6 3. Nc3 Bb4 4. e3 O-O 5. Bd3 d5 6. cxd5 exd5 7. Nge2 Re8
8. O-O Bd6 9. f3 c5 10. Kh1 Nc6 11. Rg1 Be6 12. Qe1 a6 13. a3 b5 14. Qh4
cxd4 15. exd4 Ne4 16. Qe1 Nxc3 17. bxc3 Qf6 18. Qf2 Bf5 19. Bxf5 Qxf5 20.
g4 Qc2 21. Rg2 Na5 22. Bf4 Rxe2 23. Qxe2 Qxe2 24. Rxe2 Bxf4 25. a4 Nb3 26.
Ra3 bxa4 27. Rxa4 g6 28. Rb2 Nd2 29. Rb6 Re8 0-1

[Event "Politiken"]
[Site "Copenhagen DEN"]
[Date "1996.06.22"]
[Round "1"]
[White "Arduman, C"]
[Black "Fant, G"]
[Result "1-0"]
[WhiteElo "2410"]
[BlackElo "2090"]

1. d4 e6 2. c4 f5 3. g3 Nf6 4. Bg2 Bb4+ 5. Bd2 Bxd2+ 6. Nxd2 Nc6 7. Ngf3 d6
8. O-O O-O 9. Qb3 Kh8 10. d5 Na5 11. Qc3 c5 12. dxc6 Nxc6 13. Rad1 a5 14.
Nb3 Ne4 15. Qe3 e5 16. Nh4 a4 17. Nc1 Nc5 18. Nd3 f4 19. Qd2 Ne6 20. Bxc6
bxc6 21. Nb4 Qb6 22. Qxd6 Rd8 23. Qxc6 Qxc6 24. Nxc6 Rxd1 25. Rxd1 g5 26.
Nf5 Bb7 27. Nxe5 Be4 28. Nd6 1-0

[Event "Politiken"]
[Site "Copenhagen DEN"]
[Date "1996.06.22"]
[Round "1"]
[White "Krasenkow, M"]
[Black "Christensen, Bo"]
[Result "1-0"]
[WhiteElo "2610"]
[BlackElo "2225"]

1. d4 Nf6 2. c4 g6 3. Nc3 Bg7 4. e4 d6 5. Nf3 O-O 6. h3 c5 7. d5 e6 8. Bd3
exd5 9. cxd5 Re8 10. O-O a6 11. a4 b6 12. Bf4 Bb7 13. Re1 Qc7 14. Nd2 Nfd7
15. Nc4 Ne5 16. Bg3 Nbd7 17. f4 Nxc4 18. Bxc4 Bd4+ 19. Bf2 Bxf2+ 20. Kxf2
Qd8 21. Qf3 Qf6 22. Rad1 Re7 23. e5 dxe5 24. Ne4 Qh4+ 25. g3 Qxh3 26. Ng5
Qh2+ 27. Kf1 Qxb2 28. Re2 Qb4 29. Qd3 b5 30. axb5 axb5 31. Bxb5 Ra3 32. Qc4
Qxc4 33. Bxc4 Nf6 34. d6 Rd7 35. Bb5 exf4 36. Re8+ Kg7 37. Bxd7 Ba6+ 38.
Ke1 Nxd7 39. gxf4 h6 40. Nxf7 Bb5 41. Re7 Ra7 42. Rb1 Ba4 43. Ra1 1-0

[Event "Politiken"]
[Site "Copenhagen DEN"]
[Date "1996.06.22"]
[Round "1"]
[White "Johansen, Te"]
[Black "Thorfinnsson, Bj"]
[Result "1/2-1/2"]
[WhiteElo "2375"]
[BlackElo "2060"]

1. d4 Nf6 2. c4 e6 3. Nc3 Bb4 4. Qc2 O-O 5. a3 Bxc3+ 6. Qxc3 d5 7. cxd5
exd5 8. Bg5 c6 9. Nf3 h6 10. Bh4 g5 11. Bg3 Ne4 12. Qc1 f6 13. Bxb8 Rxb8
14. e3 Bf5 15. Be2 Qd6 16. O-O Bg6 17. Ne1 Qe7 18. Bd3 Kg7 19. Qc2 Qe8 20.
f3 Nd6 21. Bxg6 Qxg6 22. Qxg6+ Kxg6 23. Nd3 Rfe8 24. Rfe1 Nf5 25. Kf2 Re7
26. Re2 Rbe8 27. Rae1 Nd6 28. b3 h5 29. Nc5 h4 30. a4 f5 31. Nd3 Kf6 32.
Ne5 Nf7 33. Nxf7 Kxf7 34. b4 Kf6 35. Rc1 a6 36. Rc3 g4 37. Rb2 Ke6 38. b5
axb5 39. axb5 Kd6 40. bxc6 bxc6 41. Rb6 Rc7 42. Ra3 Rg8 43. Ra2 g3+ 44.
hxg3 Rxg3 45. Rc2 Rg6 46. Kf1 Kd7 47. Rb8 Rh6 48. Rg8 Kd6 49. Kg1 Re7 50.
Rc3 h3 51. gxh3 Rxh3 52. Rg6+ Kd7 53. Kg2 Reh7 54. Rgxc6 Rh2+ 55. Kg3 f4+
56. exf4 R7h3+ 57. Kg4 Rh4+ 58. Kg3 R4h3+ 1/2-1/2

[Event "Politiken"]
[Site "Copenhagen DEN"]
[Date "1996.06.22"]
[Round "1"]
[White "Christensen, To"]
[Black "Henrichsen, J"]
[Result "1-0"]
[WhiteElo "2405"]
[BlackElo "2075"]

1. e4 e6 2. Nf3 c5 3. d3 Nc6 4. g3 g6 5. Bg2 Bg7 6. O-O Nge7 7. Re1 d6 8.
Nbd2 Rb8 9. Nf1 b5 10. h4 O-O 11. N1h2 b4 12. Ng4 f5 13. Ngh2 a5 14. Rb1
Nd4 15. Bd2 Bd7 16. exf5 gxf5 17. c3 Ndc6 18. Ng5 Ne5 19. d4 cxd4 20. cxd4
Nd3 21. Re3 h6 22. Rxd3 hxg5 23. Bxg5 Qe8 24. Bf3 Bc6 25. Qe2 Nd5 26. Re1
Bb5 27. Bxd5 exd5 28. Qd1 Qc6 29. Rde3 Qb6 30. Nf3 Rbe8 31. Re7 Rxe7 32.
Rxe7 Re8 33. Qe1 Rxe7 34. Qxe7 Bxd4 35. Qe6+ Kg7 36. Bh6+ Kh8 37. Qxf5
Bxf2+ 38. Kg2 Bd4 39. Ng5 Bg7 40. Qh7+ 1-0

[Event "Politiken"]
[Site "Copenhagen DEN"]
[Date "1996.06.22"]
[Round "1"]
[White "Kulaots, K"]
[Black "Costello, C"]
[Result "1/2-1/2"]
[WhiteElo "2400"]
[BlackElo "2070"]

1. e4 e6 2. d4 d5 3. Nc3 Bb4 4. exd5 exd5 5. Bd3 Nf6 6. Nge2 O-O 7. O-O
Nbd7 8. Nf4 c6 9. Nce2 Re8 10. Ng3 Nf8 11. c4 Ng6 12. Nxg6 hxg6 13. c5 Ba5
14. Bg5 Qd7 15. Qf3 Qg4 16. Qxg4 Bxg4 17. f3 Bd7 18. Rab1 Bc7 19. Ne2 Nh7
20. Bf4 Bxf4 21. Nxf4 g5 22. Ne2 Re3 23. Rbd1 Rae8 24. Ng3 Nf6 25. Kf2 Kf8
26. h3 g6 27. Rd2 Kg7 28. Rb1 Nh5 29. Nxh5+ gxh5 30. h4 Rxd3 31. Rxd3 Bf5
32. Rbd1 Bxd3 33. Rxd3 gxh4 34. Ra3 b6 35. Rc3 bxc5 36. Rxc5 Rb8 37. b3 Rb6
38. Ke3 Ra6 39. Rc2 Kg6 40. Kf4 f6 41. Re2 Ra3 42. g4 hxg3 43. Rg2 Kf7
1/2-1/2

[Event "Politiken"]
[Site "Copenhagen DEN"]
[Date "1996.06.22"]
[Round "1"]
[White "Pedersen, St"]
[Black "Rossen, C"]
[Result "1-0"]
[WhiteElo "2405"]
[BlackElo "2080"]

1. d4 g6 2. c4 Bg7 3. Nc3 d6 4. Nf3 Bg4 5. e3 e5 6. dxe5 dxe5 7. Qxd8+ Kxd8
8. Ng5 Nh6 9. h3 Bd7 10. Be2 f6 11. Nge4 Nf7 12. O-O f5 13. Nc5 b6 14. Nxd7
Nxd7 15. Rd1 c6 16. e4 Kc7 17. b4 Nf6 18. exf5 gxf5 19. b5 Rhd8 20. Bb2
Rxd1+ 21. Rxd1 Rd8 22. Rxd8 Nxd8 23. bxc6 Nxc6 24. g4 fxg4 25. hxg4 Nd4 26.
Nb5+ Nxb5 27. cxb5 Nd5 28. Bc4 Nf4 29. Kh2 Ng6 30. Kg3 Kd7 31. g5 h6 32.
gxh6 Bxh6 33. Kg4 Bf4 34. Kf5 Nh4+ 35. Ke4 Ng6 36. Bf7 Nf8 37. Bxe5 Bxe5
38. Kxe5 Ke7 39. Bc4 Ng6+ 40. Kd5 Kd7 41. Bf1 Ne7+ 42. Ke5 Ng6+ 43. Kf6 Nf4
44. Kf5 Nd5 45. Ke5 Nc7 46. f4 Ke7 47. Bd3 Kd7 48. f5 1-0

[Event "Politiken"]
[Site "Copenhagen DEN"]
[Date "1996.06.22"]
[Round "1"]
[White "Andersen, P"]
[Black "Jakobsen, O"]
[Result "0-1"]
[WhiteElo "2070"]
[BlackElo "2390"]

1. e4 c5 2. Nf3 Nc6 3. d4 cxd4 4. Nxd4 Nf6 5. Nc3 d6 6. Bc4 Qb6 7. Nde2 e6
8. Bb3 a6 9. O-O Be7 10. Be3 Qc7 11. Ng3 h5 12. h3 b5 13. f4 Na5 14. f5
Nxb3 15. axb3 h4 16. Nge2 b4 17. Na4 Rb8 18. fxe6 Bxe6 19. Nf4 Qc6 20. Nxe6
fxe6 21. e5 dxe5 22. Qe2 Qb5 23. Qf2 O-O 24. Qxh4 Nd5 25. Bg5 Bxg5 26. Qxg5
Nf4 27. Rae1 Rf5 28. Qg4 Rbf8 29. Qd1 e4 30. c4 Qe5 0-1

[Event "Politiken"]
[Site "Copenhagen DEN"]
[Date "1996.06.22"]
[Round "1"]
[White "Hammes, F"]
[Black "Baburin, A"]
[Result "0-1"]
[WhiteElo "2190"]
[BlackElo "2505"]

1. c4 g6 2. Nf3 Bg7 3. d4 Nf6 4. g3 O-O 5. Bg2 c6 6. O-O d6 7. Nc3 a6 8.
Qc2 b5 9. cxb5 axb5 10. e4 b4 11. Na4 Nxe4 12. Qxe4 Rxa4 13. Re1 Bf5 14.
Qxe7 Qxe7 15. Rxe7 b3 16. a3 c5 17. Rb7 Nc6 18. Rxb3 Nb4 19. Bf4 Be6 20.
Rxb4 cxb4 21. Bxd6 bxa3 22. bxa3 Rd8 23. Bc5 Bf8 24. Ne5 Bxc5 25. dxc5 Rxa3
26. Re1 Rd2 27. c6 Re2 28. Rc1 Rxe5 29. c7 Bc8 30. Rd1 Kg7 31. h4 Rc3 0-1

[Event "Politiken"]
[Site "Copenhagen DEN"]
[Date "1996.06.22"]
[Round "1"]
[White "Nielsen, JW"]
[Black "Hellsten, J"]
[Result "0-1"]
[WhiteElo "2150"]
[BlackElo "2475"]

1. e4 c5 2. Nf3 e6 3. d4 cxd4 4. Nxd4 a6 5. Bd3 Nf6 6. O-O Qc7 7. c4 Nc6 8.
Nxc6 dxc6 9. Qe2 e5 10. h3 Nd7 11. Nd2 a5 12. b3 Bc5 13. Bb2 O-O 14. Nf3
Re8 15. Bc3 Qd6 16. Rfd1 Qe7 17. Qb2 Ba3 18. Qc2 f6 19. Nd2 Nf8 20. Nb1 Bc5
21. a3 Ne6 22. Qb2 Rd8 23. Be2 Nf4 24. Rxd8+ Qxd8 25. Kf1 Be6 26. Nd2 Qb6
0-1

[Event "Politiken"]
[Site "Copenhagen DEN"]
[Date "1996.06.22"]
[Round "1"]
[White "Szylar, E"]
[Black "Macieja, B"]
[Result "0-1"]
[WhiteElo "2115"]
[BlackElo "2430"]

1. e4 e5 2. Nc3 Nc6 3. Bc4 Nf6 4. d3 Na5 5. Bb3 Nxb3 6. axb3 d6 7. h3 g6 8.
Be3 Bg7 9. Nge2 O-O 10. O-O d5 11. exd5 Nxd5 12. Nxd5 Qxd5 13. Qd2 Rd8 14.
b4 b6 15. Nc3 Qd7 16. b5 Bb7 17. Qe2 f5 18. Bg5 Re8 19. f3 h6 20. Bh4 g5
21. Bf2 Re6 22. Ra4 a5 23. bxa6 Rxa6 24. Rxa6 Bxa6 25. Rd1 h5 26. g4 Rh6
27. Kg2 hxg4 28. hxg4 Bb7 29. gxf5 g4 30. Bg3 e4 31. Qe3 Bd4 0-1

[Event "Politiken"]
[Site "Copenhagen DEN"]
[Date "1996.06.22"]
[Round "1"]
[White "Ward, C"]
[Black "Berg, E"]
[Result "1-0"]
[WhiteElo "2505"]
[BlackElo "2180"]

1. d4 e6 2. c4 Nf6 3. Nc3 Bb4 4. g3 O-O 5. Bg2 c5 6. Nf3 Nc6 7. O-O Bxc3 8.
bxc3 Qe7 9. Ne5 Nxe5 10. dxe5 Ne8 11. Bf4 f6 12. exf6 gxf6 13. Qd3 d6 14.
Rab1 Rb8 15. Rbd1 e5 16. Bh6 Rf7 17. f4 Bd7 18. Rb1 b6 19. Rbd1 Rc8 20. Bf3
Bc6 21. Bh5 e4 22. Qe3 f5 23. g4 Nf6 24. Bxf7+ Kxf7 25. Bg5 Rg8 26. Qd2 h6
27. Qxd6 hxg5 28. Qxc6 gxf4 29. Rxf4 Nxg4 30. Rxf5+ Nf6+ 31. Kh1 Kg6 32.
Rxf6+ Qxf6 33. Rg1+ Kf7 34. Qxf6+ 1-0

[Event "Politiken"]
[Site "Copenhagen DEN"]
[Date "1996.06.22"]
[Round "1"]
[White "Hansen, HeM"]
[Black "Lejlic, S"]
[Result "0-1"]
[WhiteElo "2110"]
[BlackElo "2420"]

1. e4 e5 2. d4 exd4 3. c3 d5 4. exd5 Qxd5 5. cxd4 Nc6 6. Nf3 Bg4 7. Be2
Bb4+ 8. Nc3 Bxf3 9. Bxf3 Qc4 10. Qb3 Qxb3 11. axb3 Nge7 12. O-O a6 13. Bg5
f6 14. Bh5+ Kf8 15. Bf4 Nxd4 16. Bxc7 Rc8 17. Bb6 Bc5 18. Bxc5 Rxc5 19.
Rad1 Nec6 20. Bg4 Kf7 21. b4 Rc4 22. b5 axb5 23. Rfe1 Rc5 24. Rd2 Rd8 25.
Red1 h5 26. Bf3 Nxf3+ 27. gxf3 Rxd2 28. Rxd2 b4 29. Ne4 Rc1+ 30. Kg2 Kg6
31. f4 b3 32. Rd3 Na5 33. Kf3 Rc2 34. f5+ Kf7 35. Rd2 Rc7 36. Rd3 b6 37.
Nd6+ Kg8 38. Ne4 Re7 39. Rd8+ Kh7 40. Rd3 Re5 41. Kf4 Re7 42. Nd2 Re1 43.
Nxb3 Nc4 44. Nd4 Nxb2 45. Rb3 Na4 46. Rb4 Nc5 47. Kg3 Re4 48. f3 h4+ 49.
Kh3 Rf4 50. Nc6 Rxf3+ 51. Kxh4 Nd3 52. Rb3 Re3 53. Ne7 Re4+ 54. Kg3 Nc5 0-1

[Event "Politiken"]
[Site "Copenhagen DEN"]
[Date "1996.06.22"]
[Round "1"]
[White "Harestad, H"]
[Black "Brynell, S"]
[Result "1-0"]
[WhiteElo "2145"]
[BlackElo "2445"]

1. d4 e6 2. c4 Nf6 3. Nc3 Bb4 4. Qc2 c5 5. dxc5 Na6 6. a3 Bxc3+ 7. Qxc3
Nxc5 8. b4 Na4 9. Qc2 b5 10. cxb5 Nb6 11. e4 Bb7 12. Bd3 Rc8 13. Qe2 Na4
14. Bb2 O-O 15. Bd4 e5 16. Bxe5 Re8 17. Nf3 Rxe5 18. Nxe5 Qc7 19. Nc4 d5
20. Nd2 dxe4 21. Bc4 e3 22. fxe3 Nc3 23. Qd3 Nce4 24. Rc1 Qe7 25. Nxe4 Bxe4
26. Qe2 Re8 27. O-O Bg6 28. Rfd1 Bh5 29. Qd3 Bxd1 30. Rxd1 Ng4 31. h3 Ne5
32. Qd4 h6 33. Be2 Rc8 34. a4 Rc2 35. Qd8+ Qxd8 36. Rxd8+ Kh7 37. Bd3+ Nxd3
38. Rxd3 Rb2 39. Rd7 Rxb4 40. Rxa7 Kg6 41. Kf2 1-0

[Event "Politiken"]
[Site "Copenhagen DEN"]
[Date "1996.06.22"]
[Round "1"]
[White "Dongart, D"]
[Black "Liss, E"]
[Result "0-1"]
[WhiteElo "2155"]
[BlackElo "2480"]

1. e4 e5 2. Nf3 Nc6 3. Bb5 a6 4. Bxc6 dxc6 5. d4 exd4 6. Qxd4 Qxd4 7. Nxd4
Bd7 8. Be3 O-O-O 9. Nd2 Re8 10. O-O-O c5 11. Ne2 g6 12. Rhe1 Ne7 13. f3 h5
14. Nf4 h4 15. Nc4 g5 16. Nd5 Nxd5 17. exd5 g4 18. Bf4 Rxe1 19. Rxe1 gxf3
20. gxf3 Rg8 21. Nd2 Rg2 22. Kd1 b5 23. Re2 Rg6 24. Ne4 c4 25. c3 Kb7 26.
Be3 Kc8 27. Re1 f5 28. Nc5 Bd6 29. Nxd7 Kxd7 30. Rg1 Rxg1+ 31. Bxg1 Bf4 32.
h3 Kd6 33. Ke2 Bc1 34. Kd1 Bxb2 35. Kc2 Ba3 36. Bf2 Kxd5 37. Bxh4 Ke6 38.
Bg3 Bd6 39. Bf2 Kf6 40. Kd2 Be5 41. Bh4+ Kg6 42. Be1 Kg5 43. Ke3 a5 44. h4+
Kh5 45. Bd2 Kxh4 0-1

[Event "Politiken"]
[Site "Copenhagen DEN"]
[Date "1996.06.22"]
[Round "1"]
[White "Schneider, S"]
[Black "Hansen, Cu"]
[Result "0-1"]
[WhiteElo "2225"]
[BlackElo "2615"]

1. d4 Nf6 2. Bg5 Ne4 3. Bf4 c5 4. f3 Nf6 5. d5 Qb6 6. b3 Qb4+ 7. Bd2 Qd4 8.
Nc3 Nxd5 9. Nb5 Qe5 10. c4 a6 11. cxd5 axb5 12. e4 b4 13. Bd3 g6 14. Rc1 d6
15. Qc2 Bg7 16. Rb1 f5 17. f4 Qf6 18. Bxb4 fxe4 19. Bxe4 Qd4 20. Bd2 Rxa2
21. Qxa2 Qxe4+ 22. Ne2 Qxg2 23. Rg1 Qxd5 24. Qa4+ Nc6 25. Qc4 Qf5 26. Rd1
Be6 27. Qb5 O-O 28. Qxb7 Bd5 0-1

[Event "Politiken"]
[Site "Copenhagen DEN"]
[Date "1996.06.22"]
[Round "1"]
[White "Lilja, R"]
[Black "Schandorff, L"]
[Result "0-1"]
[WhiteElo "2170"]
[BlackElo "2485"]

1. e4 c5 2. Nf3 Nc6 3. d4 cxd4 4. Nxd4 Nf6 5. Nc3 e5 6. Ndb5 d6 7. Nd5 Nxd5
8. exd5 Nb8 9. Be2 a6 10. Nc3 Be7 11. O-O f5 12. f4 Bf6 13. Be3 O-O 14. Na4
exf4 15. Bxf4 b5 16. Nc3 Nd7 17. Qc1 Ne5 18. Kh1 Ng6 19. Be3 Be5 20. a4 Qh4
21. Bg1 b4 22. Na2 Bb7 23. Qd2 a5 24. c3 bxc3 25. Nxc3 Qb4 26. Be3 Rac8 27.
Rab1 Ba8 28. Bb5 Qh4 29. Bg1 Rf7 30. Rf3 Qd8 31. Rbf1 Nh4 32. Rh3 f4 33.
Bf2 Nf5 34. Bd3 g6 35. Bxf5 Rxf5 36. Bd4 Rc4 37. Bxe5 Rxe5 38. Qd3 Rb4 39.
Rh6 Kg7 40. Qh3 Qg8 41. Rh4 Re7 42. Nb5 h5 43. Qc3+ Kh7 44. Qf6 Qg7 45.
Rhxf4 Qxf6 46. Rxf6 Bxd5 47. Rxd6 Bc4 48. Rc1 Rxb2 49. h3 Bxb5 50. Rb6 Re5
51. h4 Rb4 52. axb5 Rxh4+ 53. Kg1 Rb4 54. Rb7+ Kh6 55. Rc6 Rg5 56. Rb8
Rbxb5 57. Ra8 Rb1+ 58. Kf2 Rb2+ 59. Kf3 Rbxg2 60. Rc7 R5g3+ 61. Kf4 Rg4+
62. Kf3 R2g3+ 63. Kf2 a4 0-1